[Event "Opera Euro Rapid KO 2021"]
[Site "chess24.com INT"]
[Date "2021.02.12"]
[Round "2.21"]
[White "Vachier-Lagrave, Maxime"]
[Black "Carlsen, Magnus"]
[Result "1/2-1/2"]
[WhiteTitle "GM"]
[BlackTitle "GM"]
[WhiteElo "2784"]
[BlackElo "2862"]
[WhiteFideId "623539"]
[BlackFideId "1503014"]
[EventDate "2021.02.09"]

1. e4 e5 2. Nf3 Nc6 3. Bb5 a6 4. Ba4 Nf6 5. O-O Be7 6. Re1 b5 7. Bb3 O-O 8. c3
Na5 9. Bc2 d5 10. d4 dxe4 11. Nxe5 Bb7 12. Nd2 c5 13. Nxe4 Nxe4 14. Bxe4 Bxe4
15. Rxe4 Qd5 16. Qe1 Rfe8 17. Nf3 Kf8 18. Bf4 Bf6 19. Rxe8+ Rxe8 20. Qb1 Kg8 21.
dxc5 Nc4 22. Qc2 Qxc5 23. Rd1 h6 24. b3 Na5 25. Rc1 Nc6 26. Be3 Qa3 27. Rd1 Rc8
28. h3 Qe7 29. c4 Nb4 30. Qf5 Qe6 31. Qxe6 fxe6 32. cxb5 axb5 33. Nd4 Bxd4 34.
Rxd4 Nxa2 35. Rd7 Nc1 36. b4 Rc4 37. Bc5 Nb3 38. Be7 Nd4 39. Rb7 Nc6 40. Bd6
Nxb4 41. Be5 g5 42. Bg7 h5 43. Bh6 g4 44. hxg4 hxg4 45. Rxb5 Nd5 46. Rb7 Rc7 47.
Rxc7 Nxc7 48. Kh2 Kf7 49. Kg3 Kg6 50. Bf4 Nd5 51. Kxg4 Nf6+ 52. Kf3 Kf5 53. Bg3
e5 54. Bh4 e4+ 55. Ke2 Ng4 56. Bd8 Ne5 57. Bc7 Ng4 58. Bb6 Ne5 59. Be3 Ng4 60.
Kf1 Nh2+ 61. Kg1 Ng4 62. g3 Ne5 63. Kg2 Ng4 64. Kh3 Ne5 65. Kh4 Ng4 66. Kh3 Ne5
67. Kh4 1/2-1/2

[Event "Opera Euro Rapid KO 2021"]
[Site "chess24.com INT"]
[Date "2021.02.12"]
[Round "2.21"]
[White "Radjabov, Teimour"]
[Black "So, Wesley"]
[Result "1/2-1/2"]
[WhiteTitle "GM"]
[BlackTitle "GM"]
[WhiteElo "2765"]
[BlackElo "2770"]
[WhiteFideId "13400924"]
[BlackFideId "5202213"]
[EventDate "2021.02.09"]

1. d4 Nf6 2. c4 e6 3. Nf3 d5 4. Nc3 Be7 5. Bg5 h6 6. Bxf6 Bxf6 7. e3 O-O 8. Rc1
c6 9. Bd3 Nd7 10. O-O dxc4 11. Bxc4 c5 12. Qe2 cxd4 13. exd4 Nb6 14. Bd3 g6 15.
Be4 Rb8 16. Rfd1 Bd7 17. Ne5 Qe7 18. Qf3 Be8 19. g3 Bg7 20. h4 h5 21. Qe3 Nc8
22. Bb1 Nd6 23. Re1 Bc6 24. Qf4 Qd8 25. Rcd1 Nb5 26. Nxb5 Bxb5 27. Be4 Qf6 28.
Qe3 Rfd8 29. Qb3 Be8 30. Qa3 a6 31. Rd3 Bf8 32. Qb3 Bg7 33. Qa3 Bf8 34. Qb3 Bg7
35. Qa3 1/2-1/2

[Event "Opera Euro Rapid KO 2021"]
[Site "chess24.com INT"]
[Date "2021.02.12"]
[Round "2.22"]
[White "Carlsen, Magnus"]
[Black "Vachier-Lagrave, Maxime"]
[Result "1/2-1/2"]
[WhiteTitle "GM"]
[BlackTitle "GM"]
[WhiteElo "2862"]
[BlackElo "2784"]
[WhiteFideId "1503014"]
[BlackFideId "623539"]
[EventDate "2021.02.09"]

1. e4 c5 2. Nf3 d6 3. d4 cxd4 4. Nxd4 Nf6 5. Nc3 a6 6. Qd3 Nbd7 7. a4 Nc5 8. Qe3
e5 9. Nb3 Nxb3 10. cxb3 Be6 11. Bc4 Be7 12. O-O Rc8 13. Qe2 O-O 14. Rd1 Qc7 15.
Bg5 Bxc4 16. bxc4 Qxc4 17. Qf3 Qe6 18. Bxf6 Bxf6 19. Nd5 Rc6 20. Ra3 Rb8 21. g3
Bd8 22. a5 g6 23. Kg2 Kg7 24. h4 h5 25. b4 Rc4 26. Rc3 Rxc3 27. Qxc3 Rc8 28. Qd3
Rc6 29. Rd2 Qc8 30. Ne3 b6 31. axb6 Bxb6 32. Nd5 Bd8 33. Qe2 Rc4 34. Ra2 Qc6 35.
Rxa6 Qxa6 36. Ne3 Rc6 37. b5 Qa4 38. bxc6 Qxe4+ 39. Qf3 Qa4 40. Qd5 Bc7 41. Nc4
Qb3 42. Ne3 Qa4 43. Qc4 Qxc4 44. Nxc4 Kf6 45. Na3 Ke7 46. Nb5 Bb6 47. c7 Kd7 48.
c8=Q+ Kxc8 49. Nxd6+ Kd7 50. Nxf7 Ke6 51. Ng5+ Kf6 52. Kf3 Kf5 53. Ne4 Ke6 54.
Ke2 Bd8 55. Kd3 Kd5 56. f3 Ba5 57. Nf6+ Ke6 58. Ne4 Kd5 59. Nf6+ Ke6 60. Ne4 Kd5 1/2-1/2

[Event "Opera Euro Rapid KO 2021"]
[Site "chess24.com INT"]
[Date "2021.02.12"]
[Round "2.23"]
[White "Vachier-Lagrave, Maxime"]
[Black "Carlsen, Magnus"]
[Result "1-0"]
[WhiteTitle "GM"]
[BlackTitle "GM"]
[WhiteElo "2784"]
[BlackElo "2862"]
[WhiteFideId "623539"]
[BlackFideId "1503014"]
[EventDate "2021.02.09"]

1. e4 c5 2. Nf3 Nc6 3. Bb5 e6 4. O-O Nge7 5. b3 Nd4 6. Nxd4 cxd4 7. Bb2 a6 8.
Be2 Nc6 9. f4 Bc5 10. d3 O-O 11. Nd2 d5 12. Kh1 b6 13. a3 a5 14. Qe1 dxe4 15.
dxe4 Bb7 16. Nf3 Qc7 17. e5 Ne7 18. b4 axb4 19. axb4 Rxa1 20. Bxa1 Nf5 21. bxc5
bxc5 22. c3 Ne3 23. Rg1 Nd5 24. Qc1 Rc8 25. cxd4 cxd4 26. Qd2 Qc2 27. Qxc2 Rxc2
28. Nxd4 Ra2 29. Bf3 Ba8 30. f5 Ra4 31. fxe6 1-0

[Event "Opera Euro Rapid KO 2021"]
[Site "chess24.com INT"]
[Date "2021.02.12"]
[Round "2.23"]
[White "Radjabov, Teimour"]
[Black "So, Wesley"]
[Result "0-1"]
[WhiteTitle "GM"]
[BlackTitle "GM"]
[WhiteElo "2765"]
[BlackElo "2770"]
[WhiteFideId "13400924"]
[BlackFideId "5202213"]
[EventDate "2021.02.09"]

1. d4 Nf6 2. c4 e6 3. Nc3 Bb4 4. f3 c5 5. d5 O-O 6. e4 b5 7. Nh3 bxc4 8. Bxc4
Nxd5 9. Bxd5 exd5 10. Qxd5 Nc6 11. Be3 Ba6 12. Nf4 Qh4+ 13. g3 Qf6 14. Kf2 Bxc3
15. bxc3 Rab8 16. Rad1 Ne5 17. Bxc5 Rb2+ 18. Rd2 Nd3+ 19. Qxd3 Bxd3 20. Rxb2
Qxc3 21. Nxd3 Qxd3 22. Be3 f5 23. Rd2 Qb5 24. e5 Qxe5 25. Rhd1 a6 26. Rxd7 Re8
27. R7d3 f4 28. Bxf4 Qe2+ 29. Kg1 Qxa2 30. R3d2 Qb3 31. Kg2 h6 32. Rd8 Rxd8 33.
Rxd8+ Kf7 34. Rd7+ Ke8 35. Rd2 a5 36. Re2+ Kf7 37. h4 a4 38. Be5 a3 39. Re4 a2
40. Re2 Qb5 41. Re1 Qxe5 42. Rxe5 a1=Q 43. Re4 Qb2+ 44. Kg1 Qd2 45. Rf4+ Ke6 46.
Re4+ Kd5 47. Re8 Kc4 48. Re4+ Kd3 49. Re8 Qc1+ 50. Kg2 Qc2+ 51. Kg1 Qb1+ 52. Kg2
Qa2+ 0-1

[Event "Opera Euro Rapid KO 2021"]
[Site "chess24.com INT"]
[Date "2021.02.12"]
[Round "2.24"]
[White "Carlsen, Magnus"]
[Black "Vachier-Lagrave, Maxime"]
[Result "0-1"]
[WhiteTitle "GM"]
[BlackTitle "GM"]
[WhiteElo "2862"]
[BlackElo "2784"]
[WhiteFideId "1503014"]
[BlackFideId "623539"]
[EventDate "2021.02.09"]

1. d4 Nf6 2. c4 g6 3. Nc3 d5 4. cxd5 Nxd5 5. Bd2 Bg7 6. e4 Nb6 7. Be3 O-O 8. a4
a5 9. h3 Nc6 10. Nf3 Nb4 11. Be2 c6 12. O-O Be6 13. Ng5 Bc4 14. Rc1 Rc8 15. b3
Bxe2 16. Nxe2 Nd7 17. f4 h6 18. Nf3 e6 19. Ne5 c5 20. Nxd7 Qxd7 21. dxc5 Qc6 22.
e5 Rfd8 23. Nd4 Qe4 24. Qd3 0-1

[Event "Opera Euro Rapid KO 2021"]
[Site "chess24.com INT"]
[Date "2021.02.12"]
[Round "2.31"]
[White "Carlsen, Magnus"]
[Black "Vachier-Lagrave, Maxime"]
[Result "1-0"]
[WhiteTitle "GM"]
[BlackTitle "GM"]
[WhiteElo "2862"]
[BlackElo "2784"]
[WhiteFideId "1503014"]
[BlackFideId "623539"]
[EventDate "2021.02.09"]

1. Nf3 Nf6 2. c4 g6 3. Nc3 d5 4. cxd5 Nxd5 5. h4 Nxc3 6. dxc3 Qxd1+ 7. Kxd1 f6
8. h5 g5 9. e4 Nd7 10. Nd4 Ne5 11. Be2 Bd7 12. Kc2 O-O-O 13. Be3 c5 14. Nf3 Ng4
15. Bxc5 b6 16. Be3 Nxe3+ 17. fxe3 g4 18. Nd4 e5 19. Nf5 Bxf5 20. exf5 Bh6 21.
Rae1 g3 22. Bc4 Rd6 23. Rh3 Rhd8 24. Re2 Bg5 25. Rxg3 h6 26. Rg4 Kc7 27. Ba6 Rd5
28. Rc4+ Rc5 29. e4 Rxc4 30. Bxc4 Bf4 31. Be6 Bg3 32. b4 b5 33. Bd5 Kb6 34. Kb3
Rd7 35. a4 a6 36. Ra2 Ra7 37. a5+ Kc7 38. c4 bxc4+ 39. Bxc4 1-0

[Event "Opera Euro Rapid KO 2021"]
[Site "chess24.com INT"]
[Date "2021.02.12"]
[Round "2.32"]
[White "Vachier-Lagrave, Maxime"]
[Black "Carlsen, Magnus"]
[Result "1-0"]
[WhiteTitle "GM"]
[BlackTitle "GM"]
[WhiteElo "2784"]
[BlackElo "2862"]
[WhiteFideId "623539"]
[BlackFideId "1503014"]
[EventDate "2021.02.09"]

1. e4 c5 2. Nf3 Nc6 3. Bb5 e6 4. O-O Nge7 5. Re1 Nd4 6. Nxd4 cxd4 7. c3 a6 8.
Bf1 Nc6 9. b4 Be7 10. a4 O-O 11. Na3 dxc3 12. dxc3 Bf6 13. b5 axb5 14. Nxb5 d5
15. Ba3 Be7 16. exd5 exd5 17. Bxe7 Nxe7 18. Qd4 Nc6 19. Qf4 Be6 20. Rab1 d4 21.
Nc7 Rxa4 22. Nxe6 fxe6 23. Qg4 Qf6 24. f3 Qf5 25. Qxf5 exf5 26. Rxb7 dxc3 27.
Bb5 Nd8 28. Rc7 Rb4 29. Ree7 Kh8 30. Bd3 Rd4 31. Bxf5 Rd2 32. h4 Rd4 33. Be4 Rg8
34. h5 h6 35. Rxc3 Rd6 36. Rc8 Ne6 37. Rxg8+ Kxg8 38. Rxe6 Rxe6 39. Bd5 Kf7 40.
Kf2 Kf6 41. Bxe6 Kxe6 42. Ke3 Ke5 43. g4 Kd5 44. Kf4 Ke6 45. Ke4 Kf6 46. Kd5 Kf7
47. Kd6 Kf6 48. f4 Kf7 49. Ke5 Ke7 50. f5 Kf7 51. f6 1-0

[Event "Opera Euro Rapid KO 2021"]
[Site "chess24.com INT"]
[Date "2021.02.12"]
[Round "2.33"]
[White "Carlsen, Magnus"]
[Black "Vachier-Lagrave, Maxime"]
[Result "1-0"]
[WhiteTitle "GM"]
[BlackTitle "GM"]
[WhiteElo "2862"]
[BlackElo "2784"]
[WhiteFideId "1503014"]
[BlackFideId "623539"]
[EventDate "2021.02.09"]

1. d4 Nf6 2. c4 g6 3. Nc3 d5 4. cxd5 Nxd5 5. Bd2 Bg7 6. e4 Nb6 7. Be3 O-O 8. a4
a5 9. h3 Nc6 10. Nf3 f5 11. exf5 Bxf5 12. Be2 Nb4 13. Rc1 c6 14. O-O N6d5 15.
Bd2 Qd6 16. Re1 Kh8 17. Nxd5 Nxd5 18. Bc4 Nb4 19. Qb3 Rad8 20. Bg5 Bf6 21. Bh6
Bg7 22. Qe3 Rde8 23. Bf4 Nd5 24. Bxd5 Qxd5 25. Rc5 Qd8 26. Be5 Bc8 27. Qh6 Rf6
28. Bxf6 exf6 29. Rxe8+ Qxe8 30. Qe3 Qd8 31. Qe1 Bf8 32. Rxa5 Bd7 33. Ra7 Qb8
34. Qa5 Kg7 35. Ra8 Qf4 36. Qd8 Qc1+ 37. Kh2 Qf4+ 38. Kh1 Qd6 39. Qb8 Qb4 40.
Ra7 1-0

[Event "Opera Euro Rapid KO 2021"]
[Site "chess24.com INT"]
[Date "2021.02.13"]
[Round "3.11"]
[White "Carlsen, Magnus"]
[Black "So, Wesley"]
[Result "1/2-1/2"]
[WhiteTitle "GM"]
[BlackTitle "GM"]
[WhiteElo "2862"]
[BlackElo "2770"]
[WhiteFideId "1503014"]
[BlackFideId "5202213"]
[EventDate "2021.02.09"]

1. d4 Nf6 2. c4 e6 3. Nc3 Bb4 4. Nf3 O-O 5. Qb3 c5 6. dxc5 Na6 7. Bd2 Bxc5 8.
Bg5 b6 9. e3 Bb7 10. Be2 Bb4 11. a3 Bxc3+ 12. Qxc3 Ne4 13. Bxd8 Nxc3 14. Be7
Rfe8 15. Bd6 Nxe2 16. Kxe2 Rac8 17. Rac1 Nc5 18. Rhd1 Ne4 19. a4 f6 20. b3 a5
21. Ba3 d5 22. Nd4 dxc4 23. bxc4 Nc5 24. Nb5 Red8 25. Bxc5 bxc5 26. f3 Kf8 27.
e4 Ke7 28. Ke3 e5 29. g4 Rb8 30. h4 Bc6 31. Rxd8 Rxd8 32. g5 Be8 33. gxf6+ gxf6
34. Rg1 Bf7 35. Rg7 h5 36. f4 Kf8 37. Rg1 Bxc4 38. fxe5 fxe5 39. Rc1 Rd3+ 40.
Kf2 Rd2+ 41. Ke3 Re2+ 42. Kf3 Bd3 43. Rxc5 Rxe4 44. Nc3 Rxh4 45. Rxa5 Rc4 46.
Nd1 Bc2 47. Ne3 Rf4+ 48. Ke2 Bxa4 49. Rxe5 h4 50. Rf5+ Rxf5 51. Nxf5 Bd7 52.
Nxh4 Bg4+ 53. Nf3 Bxf3+ 1/2-1/2

[Event "Opera Euro Rapid KO 2021"]
[Site "chess24.com INT"]
[Date "2021.02.13"]
[Round "3.11"]
[White "Vachier-Lagrave, Maxime"]
[Black "Radjabov, Teimour"]
[Result "1/2-1/2"]
[WhiteTitle "GM"]
[BlackTitle "GM"]
[WhiteElo "2784"]
[BlackElo "2765"]
[WhiteFideId "623539"]
[BlackFideId "13400924"]
[EventDate "2021.02.09"]

1. e4 c5 2. Nf3 Nc6 3. d4 cxd4 4. Nxd4 e5 5. Nb5 d6 6. c4 Be7 7. N1c3 a6 8. Na3
Nf6 9. Nc2 O-O 10. Be2 Be6 11. Be3 Rc8 12. Qd2 Na5 13. b3 b5 14. O-O bxc4 15. b4
Nc6 16. Rfd1 Ng4 17. Bxg4 Bxg4 18. f3 Be6 19. a4 f5 20. Rab1 Kh8 21. Nd5 Bh4 22.
b5 axb5 23. axb5 c3 24. Nxc3 Na5 25. Nd5 Nc4 26. Qe2 f4 27. Bf2 Bxf2+ 28. Qxf2
Rb8 29. Rb4 Bxd5 30. Rxd5 Qc7 31. Rd3 Nb6 32. Rb1 Na4 33. Na3 Nc3 34. Rb3 Nxb5
35. Nxb5 Qc1+ 36. Qf1 Qc5+ 37. Qf2 Qc1+ 38. Qf1 Qc5+ 39. Qf2 Qc1+ 1/2-1/2

[Event "Opera Euro Rapid KO 2021"]
[Site "chess24.com INT"]
[Date "2021.02.13"]
[Round "3.12"]
[White "So, Wesley"]
[Black "Carlsen, Magnus"]
[Result "0-1"]
[WhiteTitle "GM"]
[BlackTitle "GM"]
[WhiteElo "2770"]
[BlackElo "2862"]
[WhiteFideId "5202213"]
[BlackFideId "1503014"]
[EventDate "2021.02.09"]

1. e4 e5 2. Nf3 Nc6 3. Bc4 Nf6 4. Ng5 d5 5. exd5 Na5 6. Bb5+ c6 7. dxc6 bxc6 8.
Bd3 Nd5 9. Nf3 Bd6 10. O-O O-O 11. Re1 f5 12. Nxe5 Qf6 13. Nf3 g5 14. c4 Nf4 15.
Bf1 g4 16. d4 gxf3 17. Qxf3 Ne6 18. Qc3 Nb7 19. c5 Bc7 20. b4 a5 21. b5 Qxd4 22.
Qxd4 Nxd4 23. Bc4+ Be6 24. Bxe6+ Nxe6 25. Rxe6 Nxc5 26. Re2 Rfe8 27. Nc3 cxb5
28. Be3 Be5 29. Bxc5 Bxc3 30. Rxe8+ Rxe8 31. Rb1 b4 32. Kf1 Re5 33. Be3 a4 34.
Rc1 a3 35. g3 Rb5 36. Rc2 b3 37. axb3 Rxb3 38. Kg2 Kf7 39. Bd2 Be5 40. Bf4 Bxf4
41. gxf4 Rb7 42. Ra2 Ra7 43. Kg3 Ra4 44. Kh4 Kg6 45. Kg3 Kf6 46. h3 h5 47. Kh4
Kg6 48. Kg3 Kg7 49. Kf3 h4 50. Ke2 Kf6 51. Kd1 Ke6 52. Kc1 Kd5 53. Kb1 Ke4 54.
Rd2 Kf3 55. Ka2 Kg2 0-1

[Event "Opera Euro Rapid KO 2021"]
[Site "chess24.com INT"]
[Date "2021.02.13"]
[Round "3.12"]
[White "Radjabov, Teimour"]
[Black "Vachier-Lagrave, Maxime"]
[Result "1-0"]
[WhiteTitle "GM"]
[BlackTitle "GM"]
[WhiteElo "2765"]
[BlackElo "2784"]
[WhiteFideId "13400924"]
[BlackFideId "623539"]
[EventDate "2021.02.09"]

1. Nf3 Nf6 2. c4 g6 3. Nc3 d5 4. cxd5 Nxd5 5. e4 Nxc3 6. dxc3 Qxd1+ 7. Kxd1 f6
8. h4 h5 9. e5 Nc6 10. Bd3 Kf7 11. Re1 Bg4 12. Kc2 Rd8 13. Bf4 Bh6 14. Bg3 Kg7
15. Be4 f5 16. Bxc6 bxc6 17. Ng5 Bxg5 18. hxg5 f4 19. Bxf4 Rhf8 20. Be3 Bf5+ 21.
Kb3 Rd5 22. c4 Rd3+ 23. Ka4 Kf7 24. b3 Rfd8 25. Ka5 a6 26. Bc5 Ke6 27. Be3 Be4
28. f3 Bf5 29. Re2 Ra8 30. Rh1 Rdd8 31. Bc5 Rd3 32. Rh4 Rd1 33. g4 Bd3 34. Reh2
Re1 35. gxh5 Rxe5 36. b4 gxh5 37. Rxh5 Bxc4 38. Rh6+ Kd7 39. g6 Rg8 40. f4 Rf5
41. Rh7 Re8 42. Rd2+ Kc8 43. g7 Rxf4 44. Rh8 Bg8 45. Re2 Kd7 46. Rxe7+ Rxe7 47.
Rxg8 Rf3 48. Rd8+ Kxd8 49. g8=Q+ Re8 50. Qg5+ 1-0

[Event "Opera Euro Rapid KO 2021"]
[Site "chess24.com INT"]
[Date "2021.02.13"]
[Round "3.13"]
[White "Carlsen, Magnus"]
[Black "So, Wesley"]
[Result "1/2-1/2"]
[WhiteTitle "GM"]
[BlackTitle "GM"]
[WhiteElo "2862"]
[BlackElo "2770"]
[WhiteFideId "1503014"]
[BlackFideId "5202213"]
[EventDate "2021.02.09"]

1. e4 e5 2. Nf3 Nc6 3. Bb5 Nf6 4. O-O Nxe4 5. Re1 Nd6 6. Nxe5 Be7 7. Bf1 Nxe5 8.
Rxe5 O-O 9. d4 Bf6 10. Re1 Re8 11. c3 Rxe1 12. Qxe1 Ne8 13. Bf4 d5 14. Bd3 g6
15. Nd2 Ng7 16. Qe2 c6 17. Re1 Bf5 18. Bxf5 Nxf5 19. Nf3 Ng7 20. Be5 Bxe5 21.
Nxe5 Qd6 22. Nd3 Re8 23. Qd2 f6 24. Rxe8+ Nxe8 25. Qe3 Kf7 26. Qh6 Kg8 27. Qe3
Kf7 28. Qh6 Kg8 29. Qe3 1/2-1/2

[Event "Opera Euro Rapid KO 2021"]
[Site "chess24.com INT"]
[Date "2021.02.13"]
[Round "3.13"]
[White "Vachier-Lagrave, Maxime"]
[Black "Radjabov, Teimour"]
[Result "1-0"]
[WhiteTitle "GM"]
[BlackTitle "GM"]
[WhiteElo "2784"]
[BlackElo "2765"]
[WhiteFideId "623539"]
[BlackFideId "13400924"]
[EventDate "2021.02.09"]

1. e4 c5 2. Nf3 Nc6 3. d4 cxd4 4. Nxd4 e5 5. Nb5 d6 6. c4 Be7 7. N1c3 a6 8. Na3
Nf6 9. Nc2 O-O 10. Be2 Be6 11. Be3 Rb8 12. O-O Qd7 13. f3 Na5 14. b3 b5 15. cxb5
axb5 16. Nb4 Nc6 17. Na6 Ra8 18. Bxb5 Qb7 19. Qd3 Rfc8 20. a4 Na5 21. Nb4 Nxb3
22. Rab1 Nc5 23. Qe2 Bf8 24. Rfd1 Ra5 25. Nbd5 Nxd5 26. Nxd5 Rb8 27. Qe1 Raa8
28. h4 Qc8 29. Rbc1 Qb7 30. h5 Rc8 31. h6 Nxa4 32. Rxc8 Bxc8 33. Bxa4 Rxa4 34.
hxg7 Bxg7 35. Rb1 Qa6 36. Qh4 1-0

[Event "Opera Euro Rapid KO 2021"]
[Site "chess24.com INT"]
[Date "2021.02.13"]
[Round "3.14"]
[White "So, Wesley"]
[Black "Carlsen, Magnus"]
[Result "1-0"]
[WhiteTitle "GM"]
[BlackTitle "GM"]
[WhiteElo "2770"]
[BlackElo "2862"]
[WhiteFideId "5202213"]
[BlackFideId "1503014"]
[EventDate "2021.02.09"]

1. e4 e5 2. Nf3 Nc6 3. Bc4 Bc5 4. c3 Nf6 5. d4 exd4 6. e5 d5 7. Bb5 Ne4 8. cxd4
Bb6 9. Nc3 O-O 10. Be3 Bg4 11. h3 Bh5 12. Qc2 Bg6 13. Qb3 Ne7 14. O-O c6 15. Bd3
Nf5 16. Qc2 Nxc3 17. bxc3 Nxe3 18. fxe3 Bxd3 19. Qxd3 f6 20. c4 Bc7 21. cxd5
Qxd5 22. exf6 gxf6 23. e4 Qd7 24. Rad1 Rad8 25. Nh4 Kh8 26. Nf5 c5 27. d5 Be5
28. Rb1 b6 29. Qc4 Rfe8 30. Kh1 Bd4 31. Rf4 Rxe4 32. Rxe4 Qxf5 33. Rbe1 Rxd5 34.
Rg4 h5 35. Re8+ Kh7 36. Re7+ Kh8 37. Qc1 1-0

[Event "Opera Euro Rapid KO 2021"]
[Site "chess24.com INT"]
[Date "2021.02.13"]
[Round "3.14"]
[White "Radjabov, Teimour"]
[Black "Vachier-Lagrave, Maxime"]
[Result "1-0"]
[WhiteTitle "GM"]
[BlackTitle "GM"]
[WhiteElo "2765"]
[BlackElo "2784"]
[WhiteFideId "13400924"]
[BlackFideId "623539"]
[EventDate "2021.02.09"]

1. Nf3 Nf6 2. c4 g6 3. Nc3 d5 4. cxd5 Nxd5 5. e4 Nxc3 6. dxc3 Qxd1+ 7. Kxd1 Nd7
8. Bf4 Nc5 9. Nd2 Bd7 10. f3 Bg7 11. Kc2 b5 12. Be3 Na4 13. Nb3 a6 14. Be2 Rc8
15. Nc5 Nxc5 16. Bxc5 Be5 17. a4 Bd6 18. Bxd6 exd6 19. axb5 axb5 20. Ra7 Ke7 21.
Rha1 Rhd8 22. R1a6 c6 23. Kd2 Kf8 24. Ke3 Be6 25. Rb6 Rd7 26. Raa6 Rdc7 27. Bd3
Ke7 28. h4 h6 29. f4 f5 30. g3 Bd7 31. Kd4 fxe4 32. Bxe4 Kf6 33. Bf3 g5 34.
fxg5+ hxg5 35. Ra1 Re8 36. Rf1 Kg7 37. Be4 Re5 38. h5 c5+ 39. Kd3 Re6 40. Bd5
Re7 41. Rxd6 Bh3 42. h6+ Kh7 43. Rf8 1-0

[Event "Opera Euro Rapid KO 2021"]
[Site "chess24.com INT"]
[Date "2021.02.14"]
[Round "3.21"]
[White "Radjabov, Teimour"]
[Black "Vachier-Lagrave, Maxime"]
[Result "1-0"]
[WhiteTitle "GM"]
[BlackTitle "GM"]
[WhiteElo "2765"]
[BlackElo "2784"]
[WhiteFideId "13400924"]
[BlackFideId "623539"]
[EventDate "2021.02.09"]

1. Nf3 f5 2. c4 Nf6 3. b3 d6 4. d4 g6 5. Bb2 Bg7 6. g3 Ne4 7. Bg2 Nd7 8. Nbd2
Ndf6 9. O-O O-O 10. d5 e5 11. dxe6 Bxe6 12. Nxe4 fxe4 13. Ng5 Bf5 14. Nxe4 Nxe4
15. Qd5+ Rf7 16. Bxg7 c6 17. Qd4 Nxf2 18. Bh6 Ng4 19. Bf4 Qb6 20. Rad1 Re7 21.
Bf3 Ne3 22. Bxe3 Rxe3 23. Qxb6 axb6 24. Rxd6 Re7 25. Rd2 Kg7 26. g4 Be6 27. Kg2
g5 28. a4 h6 29. Kg3 Ra5 30. Rc1 Re5 31. Rc3 Kf6 32. Rcd3 Kg7 33. h3 b5 34. cxb5
cxb5 35. a5 b4 36. Rd4 Bxb3 37. Rxb4 Bf7 38. Ra4 Rb5 39. Rd6 Bb3 40. Ra3 Bc4 41.
Kf2 Rbe5 42. Rb6 Ba6 43. Ra2 Rc5 44. Rd2 Rxa5 45. Rdd6 Ra2 46. Rg6+ Kf8 47.
Rbf6+ Ke8 48. Rd6 Kf8 49. Rd8+ Kf7 50. Rxh6 Kg7 51. Rh5 Bxe2 52. Rxg5+ Kh7 53.
Rh5+ Kg7 54. Bxe2 Raxe2+ 55. Kg3 R2e3+ 56. Kh4 Rc3 57. Rg5+ Kf7 58. Rb5 Ke6 59.
Rdd5 Re3 60. Rh5 Kd6 61. Rh6+ Kc7 62. Rc5+ Kd7 63. Kg5 Rg7+ 64. Kf4 Rge7 65.
Rd5+ Kc7 66. Rc5+ Kd7 67. h4 Re1 68. Rd5+ Kc7 69. Rc5+ Kd7 70. g5 Rf1+ 71. Kg4
Re4+ 72. Kh5 Rff4 73. Rb6 Rxh4+ 74. Kg6 Rb4 75. Rf6 Rhf4 76. Rd5+ Kc7 77. Rfd6
Rf1 78. Rd7+ Kc6 79. R5d6+ Kc5 80. Rd5+ Kc6 81. Kg7 Rg4 82. R7d6+ Kc7 83. Re6
Rc1 84. Rf6 Rc6 85. Rf7+ Kb6 86. Rdf5 Ka6 87. Kh7 Rh4+ 88. Kg7 Rg4 89. R7f6 Rxf6
90. Kxf6 b5 91. g6 Ka5 92. Rg5 Rf4+ 93. Ke6 Rf8 94. g7 Rg8 95. Kf7 Rxg7+ 96.
Rxg7 Kb4 97. Ke6 Kc4 98. Rc7+ Kd4 99. Rb7 Kc4 100. Ke5 b4 101. Ke4 Kc3 102. Ke3
b3 103. Rc7+ 1-0

[Event "Opera Euro Rapid KO 2021"]
[Site "chess24.com INT"]
[Date "2021.02.14"]
[Round "3.22"]
[White "Carlsen, Magnus"]
[Black "So, Wesley"]
[Result "1/2-1/2"]
[WhiteTitle "GM"]
[BlackTitle "GM"]
[WhiteElo "2862"]
[BlackElo "2770"]
[WhiteFideId "1503014"]
[BlackFideId "5202213"]
[EventDate "2021.02.09"]

1. e4 e5 2. Nf3 Nc6 3. Bc4 Bc5 4. O-O Nf6 5. d3 O-O 6. c3 d5 7. exd5 Nxd5 8. Re1
Bg4 9. Nbd2 Nb6 10. h3 Bh5 11. Bb3 Qxd3 12. Nxe5 Qf5 13. Nef3 Rad8 14. Qe2 Qc8
15. Qb5 Nd7 16. Nh4 a6 17. Qf1 Be7 18. Nf5 Rfe8 19. Nxe7+ Rxe7 20. Rxe7 Nxe7 21.
Ne4 Bg6 22. f3 h6 23. Bf4 Nc6 24. Re1 Bxe4 25. fxe4 Nce5 26. Bg3 Re8 27. Rd1 Nc5
28. Bxe5 Nxb3 29. Bxg7 Kxg7 30. axb3 Rxe4 31. Qf3 Re7 32. Rd4 Qe6 33. Rg4+ Kh7
34. Qd3+ f5 35. Rf4 Kg6 36. Qg3+ Kh7 37. Qd3 Kg6 38. Kh1 Qe1+ 39. Rf1 Qe5 40. b4
c6 41. Qd8 Re8 42. Qd3 Re7 43. Qd2 Re6 44. Qf2 Re7 45. Rd1 f4 46. Kg1 Qe2 47.
Rd6+ Kg5 48. Rd2 Qe1+ 49. Qxe1 Rxe1+ 50. Kf2 Rb1 51. Kf3 Rf1+ 52. Ke2 Rb1 53.
Kf3 Rf1+ 54. Ke2 Rb1 55. Kf3 1/2-1/2

[Event "Opera Euro Rapid KO 2021"]
[Site "chess24.com INT"]
[Date "2021.02.14"]
[Round "3.22"]
[White "Vachier-Lagrave, Maxime"]
[Black "Radjabov, Teimour"]
[Result "0-1"]
[WhiteTitle "GM"]
[BlackTitle "GM"]
[WhiteElo "2784"]
[BlackElo "2765"]
[WhiteFideId "623539"]
[BlackFideId "13400924"]
[EventDate "2021.02.09"]

1. e4 c5 2. Nf3 Nc6 3. d4 cxd4 4. Nxd4 e5 5. Nb5 d6 6. c4 Be7 7. N1c3 a6 8. Na3
f5 9. exf5 Bxf5 10. Nc2 Nf6 11. Ne3 Be6 12. g3 O-O 13. Bg2 Qd7 14. Ncd5 Rae8 15.
O-O Bd8 16. b3 Bh3 17. Bb2 Bxg2 18. Kxg2 Ne7 19. Nxf6+ Rxf6 20. Rc1 Qc6+ 21. Nd5
Bb6 22. f4 Bd4 23. Bxd4 Nxd5 24. cxd5 Qxd5+ 25. Qf3 Qxf3+ 26. Kxf3 exd4 27. Rfd1
Re3+ 28. Kf2 Rfe6 29. Rxd4 Re2+ 30. Kf3 Rxh2 31. a4 h5 32. f5 Re5 33. g4 hxg4+
34. Kg3 Rb2 35. Rxd6 Rxf5 36. Kxg4 Rbf2 37. Rc8+ Kh7 38. Rc4 b5 39. axb5 Rxb5
40. Kg3 Rf6 41. Rxf6 gxf6 42. b4 a5 43. bxa5 Rxa5 44. Rh4+ Kg6 45. Rg4+ Rg5 46.
Rxg5+ Kxg5 47. Kf3 Kf5 48. Kf2 Kf4 0-1